CIM justification and optimisation
Αποθηκεύτηκε σε:
| Κύριος συγγραφέας: | |
|---|---|
| Άλλοι συγγραφείς: | |
| Μορφή: | Βιβλίο |
| Γλώσσα: | English |
| Δημοσίευση: |
London ; New York :
Taylor & Francis,
2000
|
| Θέματα: | |
| Ετικέτες: |
Προσθήκη ετικέτας
Δεν υπάρχουν, Καταχωρήστε ετικέτα πρώτοι!
|
MARC
| LEADER | 00000nam a2200000 i 4500 | ||
|---|---|---|---|
| 001 | 1/59394 | ||
| 008 | 020308s2000 eng d | ||
| 020 | |a 0-7484-0858-4 | ||
| 035 | |l 10000494 | ||
| 040 | |a GR-MY-UA |b gre |e aacr | ||
| 041 | 0 | |a eng | |
| 082 | 0 | |a 670.285 | |
| 100 | 1 | |a Lin, Grier C. I. | |
| 245 | 1 | 0 | |a CIM justification and optimisation / |c Grier C.I. Lin & V. Nagalingam |
| 260 | |a London ; New York : |b Taylor & Francis, |c 2000 | ||
| 300 | |a x, 158 p.; |b ill.; |c 24 cm. | ||
| 504 | |a Includes bibliographical references and index | ||
| 650 | 0 | 0 | |a Computer integrated manufacturing systems. |
| 650 | 0 | 0 | |a Decision support systems. |
| 700 | 1 | |a Nagalingam, Sev V. | |
| 852 | |a INST |b SAMOS |e 20020308 |h 670.285 LIN |p 005300020273 |q 005300020273 |t BK |y 0 | ||
| 901 | |a BIBL3-2002-1 | ||
| 909 | |a Σ |b 087328 | ||
| 922 | |a 3ΕΛΗ |b 200203 |c ΤΠΕΣ/ΠΟΛ-2 |d LEADER | ||
| 970 | |a ΚΟΣΙΕΡΗΣ |b ΧΡΗΣΤΟΣ |z 2002/03/08 | ||